[Event "77th GEO-ch Women 2020"]
[Site "Tbilisi"]
[Date "2020.07.22"]
[Round "2.5"]
[White "Vakhania, Alexsandra"]
[Black "Tsotsonava, Elene"]
[Result "1-0"]
[WhiteElo "2138"]
[BlackElo "2012"]
[Annotator "TA"]
[PlyCount "93"]
[EventDate "2020.07.21"]
[EventType "tourn"]
[EventCountry "GEO"]
[SourceTitle "playchess.com"]
[Source "ChessBase"]
[SourceQuality "1"]

{[%evp 14,93,-12,-40,11,5,32,6,11,-3,19,14,27,29,21,24,33,27,23,21,12,27,181,175,178,186,178,166,178,170,176,178,372,381,620,597,747,168,243,234,222,229,200,146,146,145,141,140,135,124,136,121,191,187,179,185,254,254,251,203,316,331,390,408,349,352,356,324,327,327,325,309,464,141,141,141,141,141,282,300,294,285]} 1. f4 d5 2. Nf3 Nf6 3. e3 c5 4. b3 Nc6 5. Bb2 e6 6. Bd3 Bd6 7. O-O O-O 8. Ne5 Nb4 {A03: Bird's Opening with 1...d5.} ({Black should play} 8... Bxe5 $15 9. fxe5 Nd7) 9. Be2 $11 Nd7 {[#]} 10. a3 $146 ({Predecessor:} 10. Nf3 Nc6 11. c4 d4 12. Na3 Nf6 13. Nc2 dxe3 14. dxe3 Qc7 15. Bxf6 gxf6 16. Bd3 {½-½ (47) Sibilio,M (2383)-Czebe,A (2500) Lodi 2007}) 10... Nc6 {[%cal Rd7e5] The position is equal.} 11. d4 cxd4 12. exd4 Qb6 13. Kh1 f6 14. Ng4 Qc7 15. g3 b6 16. Nc3 {[%cal Bb1c3,Bc3d5,Bd5b4,Bb4c6][%mdl 32] Hoping for f5.} a6 17. f5 exf5 $2 (17... b5 $1 $11) 18. Nxd5 $18 Qd8 {[#]} 19. Nge3 $1 g6 20. Bf3 {Threatens to win with Nb4.} Bb7 21. Nc4 Bc7 22. Nb4 Na5 $2 (22... Ndb8 {is a better defense.} 23. Nd5 b5) 23. Nxa5 Bxf3+ $2 (23... bxa5 24. Bxb7 axb4 25. axb4 Ra7) 24. Qxf3 bxa5 25. Qd5+ $2 (25. Nc6 Qe8 26. Rae1) 25... Kg7 (25... Rf7 $142) 26. Nc6 Qc8 27. Rae1 {Black must now prevent Re7+.} Re8 28. Re7+ Rxe7 29. Nxe7 Nb6 {[#]} 30. Qc6 $1 $36 {[%mdl 2048] White is really pushing.} (30. Qxa5 $6 Qd7 $11) 30... Qd7 31. Qxd7 Nxd7 32. Nd5 Bd6 (32... Bd8 $16) 33. Re1 Kf7 34. c4 Rc8 (34... Rb8 $142) 35. c5 Bf8 36. Bc3 a4 (36... Nb8 $142 37. Nf4 (37. Bxa5 Nc6 $16) 37... Nc6) 37. b4 ({Don't play} 37. bxa4 Nxc5 38. dxc5 Rxc5 $18) 37... Nb8 38. Nb6 Rd8 39. d5 a5 40. Kg2 Na6 41. d6 axb4 42. axb4 a3 (42... Bxd6 {was necessary.} 43. cxd6 Rxd6) 43. Ra1 $2 (43. Nc4 $18) 43... Bxd6 $16 44. cxd6 Rxd6 45. Na4 {And now b5 would win.} (45. Rxa3 Rxb6 46. Ra4 Nc7 $15) 45... Nc7 (45... Nxb4 $16 46. Bxb4 (46. Rxa3 Nd3 $16) 46... Rd4 47. Bxa3 (47. Rxa3 Rxb4 48. Kf3 g5 $16) 47... Rxa4) 46. Rxa3 $18 Nb5 47. Ra2 {Accuracy: White = 80%, Black = 49%.} 1-0

[Event "77th GEO-ch Women 2020"]
[Site "Tbilisi"]
[Date "2020.07.23"]
[Round "3.1"]
[White "Tsotsonava, Elene"]
[Black "Khotenashvili, Bela"]
[Result "0-1"]
[WhiteElo "2012"]
[BlackElo "2458"]
[Annotator "ChessBase"]
[PlyCount "82"]
[EventDate "2020.07.21"]
[EventType "tourn"]
[EventCountry "GEO"]
[SourceTitle "playchess.com"]
[Source "ChessBase"]
[SourceQuality "1"]
[TimeControl "5400+30"]

1. e4 {[%emt 0:00:00]} e5 {[%emt 0:00:00]} 2. Nf3 {[%emt 0:00:00]} Nc6 {[%emt 0:00:00]} 3. Bb5 {[%emt 0:00:00]} a6 {[%emt 0:00:00]} 4. Ba4 {[%emt 0:00:00]} Nf6 {[%emt 0:00:04]} 5. O-O {[%emt 0:00:00]} b5 {[%emt 0:02:50]} 6. Bb3 {[%emt 0:00:02]} Be7 {[%emt 0:00:04]} 7. Re1 {[%emt 0:00:17]} O-O {[%emt 0:00:06]} 8. a4 {[%emt 0:00:23]} b4 {[%emt 0:00:06]} 9. d3 {[%emt 0:05:02]} d6 {[%emt 0:00:19]} 10. a5 {[%emt 0:05:07]} Be6 {[%emt 0:00:17]} 11. Nbd2 {[%emt 0:03:49]} Rb8 {[%emt 0:00:56]} 12. Bc4 {[%emt 0:04:23]} Qc8 {[%emt 0:06:27]} 13. h3 {[%emt 0:04:45]} Nd7 {[%emt 0:10:04]} 14. Nb3 {[%emt 0:08:33]} Nd8 {[%emt 0:15:16]} 15. Bxe6 {[%emt 0:06:15]} fxe6 {[%emt 0:02:00]} 16. Bg5 {[%emt 0:09:22]} Bxg5 {[%emt 0:05:12]} 17. Nxg5 {[%emt 0:00:03]} c5 {[%emt 0:03:37]} 18. Nd2 {[%emt 0:06:11]} h6 {[%emt 0:02:32]} 19. Ngf3 {[%emt 0:00:21]} Nc6 {[%emt 0:00:07]} 20. Nc4 {[%emt 0:06:18]} Qc7 {[%emt 0:00:42]} 21. Nh4 {[%emt 0:02:56]} Rf4 {[%emt 0:09:41]} 22. Ng6 {[%emt 0:03:27]} Rf6 {[%emt 0:00:28]} 23. Qh5 {[%emt 0:02:34]} Kh7 {[%emt 0:05:13]} 24. Nh4 {[%emt 0:00:06]} Rbf8 {[%emt 0:04:05]} 25. Ne3 {[%emt 0:02:54]} g5 {[%emt 0:02:19]} 26. Ng4 {[%emt 0:03:50]} gxh4 {[%emt 0:00:43]} 27. Nxf6+ {[%emt 0:00:05]} Rxf6 {[%emt 0:05:22]} 28. Qxh4 {[%emt 0:07:49]} Nd4 {[%emt 0:02:09]} 29. Rac1 {[%emt 0:03:41]} Qd8 {[%emt 0:09:29]} 30. c3 {[%emt 0:04:15]} Nf3+ {[%emt 0:01:01]} 31. gxf3 {[%emt 0:00:36]} Rg6+ {[%emt 0:00:04]} 32. Qg3 {[%emt 0:03:13]} Qxa5 {[%emt 0:01:27]} 33. Kh2 {[%emt 0:05:34]} Rxg3 {[%emt 0:00:09]} 34. fxg3 {[%emt 0:00:03]} Qa2 {[%emt 0:02:28]} 35. Re2 {[%emt 0:00:15]} a5 {[%emt 0:00:47]} 36. f4 {[%emt 0:02:42]} b3 {[%emt 0:03:24]} 37. fxe5 {[%emt 0:01:07]} Nxe5 {[%emt 0:00:07]} 38. d4 {[%emt 0:01:20]} Nd3 {[%emt 0:01:37]} 39. Rf1 {[%emt 0:00:21]} a4 {[%emt 0:01:08]} 40. Rd2 {[%emt 0:01:26]} a3 {[%emt 0:02:14]} 41. Rxd3 {[%emt 0:00:09]} axb2 {[%emt 0:00:06]} 0-1

[Event "77th GEO-ch Women 2020"]
[Site "Tbilisi"]
[Date "2020.07.23"]
[Round "3.2"]
[White "Gvetadze, Sofio"]
[Black "Vakhania, Alexsandra"]
[Result "1-0"]
[WhiteElo "2308"]
[BlackElo "2138"]
[Annotator "TA"]
[PlyCount "49"]
[EventDate "2020.07.21"]
[EventType "tourn"]
[EventCountry "GEO"]
[SourceTitle "playchess.com"]
[Source "ChessBase"]
[SourceQuality "1"]

{[%evp 17,49,0,54,45,59,26,40,26,72,81,89,76,90,88,87,75,156,120,128,107,85,91,104,102,2023,2078,1517,1397,1345,1195,29993,29994,29994,29995]} 1. e4 c6 2. d4 d5 3. Nc3 dxe4 4. Nxe4 Bf5 5. Ng3 Bg6 6. Bc4 e6 7. N1e2 Bd6 8. h4 h6 9. Nf4 Ne7 (9... Bxf4 $1 $11 10. Bxf4 Nf6) 10. Nxg6 $14 {B18: Classical Caro-Kann: 4...Bf5 sidelines.} Nxg6 11. Qg4 h5 12. Qe4 {[#] White is slightly better.} Bxg3 $146 ({Predecessor:} 12... Nd7 13. Bg5 Nf6 14. Qd3 Nf4 15. Qf3 Qc7 16. Bb3 a5 17. c4 Ng6 18. Bc2 O-O-O {1-0 (34) Lagno,K (2467)-Purtseladze,M (2311) Kishinev 2005}) 13. fxg3 Qd6 {Strongly threatening ...Qb4+.} 14. O-O {aiming for Rxf7!} Nd7 15. Bg5 O-O 16. Kh2 Nb6 (16... Ne7 $142) 17. Be2 Ne7 18. Bxe7 Qxe7 19. Bxh5 Rad8 20. Rae1 Qb4 $2 {[%mdl 8192] [#] This costs Black the game.} (20... Nd5 $16) 21. Bxf7+ $1 $18 {[%mdl 512]} Rxf7 22. Rxf7 Rxd4 23. Qxe6 {Intending Rf5+ and mate.} Qd6 {[#]} 24. Rf8+ $1 {[%mdl 512]} Kh7 (24... Kxf8 25. Qe8#) 25. Qf5+ {Accuracy: White = 90%, Black = 52%.} 1-0

[Event "77th GEO-ch Women 2020"]
[Site "Tbilisi"]
[Date "2020.07.23"]
[Round "3.3"]
[White "Khukhashvili, Sopiko"]
[Black "Khomeriki, Nino"]
[Result "1-0"]
[WhiteElo "2339"]
[BlackElo "2319"]
[Annotator "TA"]
[PlyCount "69"]
[EventDate "2020.07.21"]
[EventType "tourn"]
[EventCountry "GEO"]
[SourceTitle "playchess.com"]
[Source "ChessBase"]
[SourceQuality "1"]

{[%evp 9,69,-13,-6,-16,0,-12,0,1,29,6,-5,7,62,46,64,37,45,25,37,0,60,56,97,4,113,22,119,96,145,151,172,157,265,268,378,379,594,587,571,580,529,579,550,520,1247,1220,1136,1119,29981,29982,29981,29981,29972,6813,29988,1578,29993,29994,29994,29995,29995,29996]} 1. e4 e5 2. d4 exd4 3. Qxd4 Nc6 4. Qc4 Nf6 5. Nc3 Bb4 6. Bd2 {C22: Centre Game.} O-O {Threatens to win with ...Bxc3.} 7. O-O-O Re8 8. f3 {[#] The position is equal.} a6 $146 ({Predecessor:} 8... d6 9. a3 Bc5 10. Qe2 h6 11. Qe1 a6 12. g4 Nh7 13. Nge2 b5 14. Nd5 Ne5 {1-0 (40) Xu,X (2494)-Peng,X (2383) Shenyang 2019}) 9. g4 (9. a3 $5 {[%cal Ra3b4]} b5 10. Qe2 $11) 9... b5 {[%cal Bb7b5,Bb5b4][%mdl 32]} 10. Qe2 Be7 (10... d5 $11) 11. g5 $14 b4 $1 {[%cal Rb4c3]} 12. Na4 Nh5 $1 13. f4 g6 14. Bg2 a5 ({Black should try} 14... d5 $11) 15. Qf2 Ba6 16. e5 (16. Be3 $16) 16... Qb8 (16... Bb5 $11 {remains equal.} 17. b3 d6) 17. Be3 (17. b3 $1 $16) 17... Qb5 {White stays focused until the end.} (17... Bb5 $11 18. b3 d6) 18. b3 $36 {[%mdl 2048] White has strong initiative.} Rad8 19. Rd5 Qb8 20. Ne2 $1 Bb5 {[#]} (20... d6 $16) 21. Ng3 $1 $18 d6 (21... Bf8 {was called for.} 22. Nb6 Na7 23. Nxd7 Bxd7) 22. Nxh5 gxh5 (22... dxe5 {keeps fighting.} 23. Ng3 Rxd5) 23. Be4 Bf8 {[%cal Rd6e5]} 24. Qf3 Ne7 25. Qxh5 {[%csl Ge4][%cal Rh5h7]} Ng6 26. f5 Nxe5 (26... Rxe5 $142 27. fxg6 fxg6 28. Bxg6 hxg6 29. Qxg6+ Bg7) 27. g6 fxg6 28. fxg6 {[%csl Ge4,Gg6][%cal Rh5h7]} h6 29. g7 Bxg7 {[#]} 30. Rg1 $1 {[%mdl 512]} Re7 31. Bxh6 Be8 {[#]} 32. Qf5 (32. Rxe5 $142 $1 {[%mdl 512]} Bxh5 (32... dxe5 33. Qf5) 33. Rxe7 Rd7 34. Rgxg7+ Kh8 35. Rh7+ Kg8 36. Rxd7 Qf8 37. Bxf8) 32... Rf7 33. Qh7+ {[%mdl 64] Double Attack. White mates.} Kf8 34. Rxg7 {[%csl Gh7][%cal Rg7f7]} Rf1+ {[#]} 35. Kb2 $1 {Accuracy: White = 74%, Black = 32%.} 1-0

[Event "77th GEO-ch Women 2020"]
[Site "Tbilisi"]
[Date "2020.07.23"]
[Round "3.4"]
[White "Batsiashvili, Nino"]
[Black "Melia, Salome"]
[Result "0-1"]
[WhiteElo "2457"]
[BlackElo "2370"]
[Annotator "ChessBase"]
[PlyCount "84"]
[EventDate "2020.07.21"]
[EventType "tourn"]
[EventCountry "GEO"]
[SourceTitle "playchess.com"]
[Source "ChessBase"]
[SourceQuality "1"]
[TimeControl "5400+30"]

1. d4 {[%emt 0:00:00]} d5 {[%emt 0:00:09]} 2. c4 {[%emt 0:00:00]} e6 {[%emt 0:00:05]} 3. Nc3 {[%emt 0:00:00]} Nf6 {[%emt 0:00:06]} 4. cxd5 {[%emt 0:00:00]} Nxd5 {[%emt 0:00:06]} 5. e4 {[%emt 0:00:00]} Nxc3 {[%emt 0:00:06]} 6. bxc3 {[%emt 0:00:00]} c5 {[%emt 0:00:05]} 7. Rb1 {[%emt 0:00:16]} Be7 {[%emt 0:00:26]} 8. Nf3 {[%emt 0:00:14]} O-O {[%emt 0:00:14]} 9. h4 {[%emt 0:00:04]} cxd4 {[%emt 0:01:34]} 10. cxd4 {[%emt 0:00:19]} b6 {[%emt 0:00:14]} 11. h5 {[%emt 0:00:51]} Bb7 {[%emt 0:02:23]} 12. Bd3 {[%emt 0:06:00]} Nc6 13. h6 {[%emt 0:02:04]} g6 {[%emt 0:01:56]} 14. Be2 {[%emt 0:02:55]} Rc8 {[%emt 0:09:25]} 15. a3 Qd6 {[%emt 0:16:04]} 16. O-O {[%emt 0:15:46]} Rfd8 {[%emt 0:02:00]} 17. Be3 {[%emt 0:14:43]} Qxa3 {[%emt 0:05:21]} 18. Ra1 {[%emt 0:04:14]} Qd6 {[%emt 0:05:50]} 19. Qb1 {[%emt 0:00:17]} Qb4 {[%emt 0:07:50]} 20. Qd3 {[%emt 0:01:14]} Bf6 {[%emt 0:04:51]} 21. Rfd1 {[%emt 0:06:58]} Rc7 {[%emt 0:10:21]} 22. Rab1 {[%emt 0:12:20]} Qf8 {[%emt 0:01:39]} 23. Qb5 {[%emt 0:00:58]} Rcd7 {[%emt 0:03:40]} 24. Qa4 {[%emt 0:05:54]} Na5 {[%emt 0:02:19]} 25. e5 {[%emt 0:05:52]} Be7 {[%emt 0:01:07]} 26. Rbc1 {[%emt 0:04:06]} Bd5 {[%emt 0:03:22]} 27. Nd2 {[%emt 0:01:10]} Bb4 {[%emt 0:09:57]} 28. Bb5 {[%emt 0:00:51]} Rb7 {[%emt 0:01:32]} 29. Rb1 {[%emt 0:02:20]} Ba3 {[%emt 0:01:29]} 30. Ra1 {[%emt 0:07:37]} Bb4 {[%emt 0:00:16]} 31. Rdb1 {[%emt 0:01:03]} Bc3 {[%emt 0:05:41]} 32. Ra3 {[%emt 0:01:26]} Rc7 {[%emt 0:02:52]} 33. Ba6 {[%emt 0:04:04]} Bxd2 {[%emt 0:00:55]} 34. Bxd2 {[%emt 0:00:03]} Nc4 {[%emt 0:00:59]} 35. Rc1 {[%emt 0:01:59]} Nb2 {[%emt 0:01:48]} 36. Rxc7 {[%emt 0:00:41]} Nxa4 {[%emt 0:00:07]} 37. Rxa4 {[%emt 0:00:04]} Qe8 {[%emt 0:01:00]} 38. Ra1 {[%emt 0:00:39]} b5 {[%emt 0:00:36]} 39. Rac1 {[%emt 0:00:18]} Bc4 {[%emt 0:00:26]} 40. Bb4 {[%emt 0:02:05]} Rb8 {[%emt 0:00:37]} 41. Bd6 {[%emt 0:00:20]} Qd8 {[%emt 0:00:27]} 42. Rxa7 {[%emt 0:00:41]} Ra8 {[%emt 0:00:17]} 0-1

[Event "77th GEO-ch Women 2020"]
[Site "Tbilisi"]
[Date "2020.07.23"]
[Round "3.5"]
[White "Javakhishvili, Lela"]
[Black "Arabidze, Meri"]
[Result "1/2-1/2"]
[WhiteElo "2475"]
[BlackElo "2428"]
[Annotator "ChessBase"]
[PlyCount "64"]
[EventDate "2020.07.21"]
[EventType "tourn"]
[EventCountry "GEO"]
[SourceTitle "playchess.com"]
[Source "ChessBase"]
[SourceQuality "1"]
[TimeControl "5400+30"]

1. d4 {[%emt 0:00:00]} Nf6 {[%emt 0:00:00]} 2. c4 {[%emt 0:00:00]} e6 {[%emt 0:00:00]} 3. Nf3 {[%emt 0:00:15]} b6 {[%emt 0:00:00]} 4. g3 {[%emt 0:00:26]} Bb7 {[%emt 0:00:12]} 5. Bg2 {[%emt 0:00:06]} g6 {[%emt 0:00:22]} 6. Nc3 {[%emt 0:00:58]} Bg7 {[%emt 0:00:17]} 7. Qc2 {[%emt 0:01:54]} d5 {[%emt 0:01:25]} 8. cxd5 {[%emt 0:00:47]} exd5 {[%emt 0:03:54]} 9. O-O {[%emt 0:01:14]} O-O {[%emt 0:00:16]} 10. Bf4 {[%emt 0:02:18]} Na6 {[%emt 0:03:04]} 11. Rad1 {[%emt 0:04:36]} Re8 {[%emt 0:05:04]} 12. a3 {[%emt 0:07:35]} Ne4 {[%emt 0:14:36]} 13. b4 {[%emt 0:13:59]} Nxc3 {[%emt 0:15:39]} 14. Qxc3 {[%emt 0:00:05]} c5 {[%emt 0:01:32]} 15. bxc5 {[%emt 0:16:46]} Nxc5 {[%emt 0:02:20]} 16. Ne5 {[%emt 0:01:25]} Ne6 {[%emt 0:03:36]} 17. Be3 {[%emt 0:07:24]} Bxe5 {[%emt 0:15:24]} 18. dxe5 {[%emt 0:00:07]} d4 {[%emt 0:00:07]} 19. Bxd4 {[%emt 0:01:50]} Bxg2 {[%emt 0:00:33]} 20. Kxg2 {[%emt 0:00:41]} Rc8 {[%emt 0:03:16]} 21. Qe3 {[%emt 0:11:03]} Qd5+ {[%emt 0:01:32]} 22. Qf3 {[%emt 0:01:12]} Qxf3+ {[%emt 0:00:29]} 23. Kxf3 {[%emt 0:04:36]} Nxd4+ {[%emt 0:00:50]} 24. Rxd4 {[%emt 0:00:04]} Rxe5 {[%emt 0:02:57]} 25. Rfd1 {[%emt 0:02:19]} Rc2 {[%emt 0:03:38]} 26. R1d2 {[%emt 0:00:35]} Rxd2 {[%emt 0:02:40]} 27. Rxd2 {[%emt 0:00:06]} Ra5 {[%emt 0:00:05]} 28. Rd3 {[%emt 0:00:06]} Kf8 {[%emt 0:00:24]} 29. e4 {[%emt 0:00:43]} Ke7 {[%emt 0:00:24]} 30. h4 {[%emt 0:01:24]} h5 {[%emt 0:02:17]} 31. Ke3 {[%emt 0:01:58]} Ra4 {[%emt 0:01:29]} 32. Kf4 {[%emt 0:02:04]} Ra5 {[%emt 0:01:22]} 1/2-1/2

[Event "77th GEO-ch Women 2020"]
[Site "Tbilisi"]
[Date "2020.07.24"]
[Round "4.1"]
[White "Khotenashvili, Bela"]
[Black "Arabidze, Meri"]
[Result "1/2-1/2"]
[WhiteElo "2458"]
[BlackElo "2428"]
[Annotator "TA"]
[PlyCount "182"]
[EventDate "2020.07.21"]
[EventType "tourn"]
[EventCountry "GEO"]
[SourceTitle "playchess.com"]
[Source "ChessBase"]
[SourceQuality "1"]

{[%evp 13,182,6,15,12,47,47,51,45,58,43,57,52,61,52,37,7,13,24,92,88,116,121,111,104,111,111,114,109,109,116,215,213,227,220,222,212,216,210,216,119,179,179,179,179,179,179,179,157,229,231,255,198,237,229,237,229,229,229,229,229,229,229,223,220,221,215,236,218,233,214,213,213,244,244,248,239,239,237,237,216,237,100,111,128,113,126,164,149,362,355,366,317,361,360,354,354,354,139,139,141,354,354,353,346,346,335,312,222,235,222,222,222,222,222,224,227,310,242,244,212,236,234,204,19,149,0,203,0,236,0,202,140,141,135,300,197,204,181,264,263,223,103,129,8,8,8,58,58,129,129,129,129,129,129,129,129,129,0,0,0,0,-8,0,-8,-8,-8,-8,-8,-8,-8,29988]} 1. c4 e6 2. g3 Nf6 3. Bg2 d5 4. Nf3 dxc4 5. Qa4+ Nbd7 6. Qxc4 c5 7. Qb3 Rb8 8. O-O {A13: English Opening: 1...e6.} Bd6 {[#]} 9. Na3 $146 ({Predecessor:} 9. Nc3 a6 10. d4 b5 11. dxc5 Nxc5 12. Qc2 Bb7 13. Rd1 Nce4 14. Nxe4 Bxe4 15. Qc3 O-O 16. Bg5 Qe7 17. Bxf6 gxf6 18. Qd4 Bxf3 19. Bxf3 Rfd8 {½-½ (19) Grigoriants,S (2606)-Zakhartsov,V (2552) Dresden 2015}) 9... a6 10. Nc4 {White is slightly better.} Bc7 11. d4 O-O 12. dxc5 Nxc5 13. Qa3 Nce4 14. Be3 {Threatening Rfd1.} b5 15. Rfd1 Qe8 (15... Nd5 $11 {keeps the balance.} 16. Nce5 Bb7) 16. Ncd2 $16 Bb7 17. Nxe4 Nxe4 18. Rac1 Rd8 19. Ng5 Rxd1+ 20. Rxd1 f5 21. Qd3 Nxg5 (21... Qc8 $16) 22. Bxb7 $18 f4 23. Bc5 Rf5 24. b4 Qb8 25. Bg2 ({And not} 25. Bxa6 Qa8 $17) 25... h6 26. Bd6 (26. h4 $18 Nf7 27. g4) 26... f3 (26... Bxd6 $16 27. Qxd6 Qxd6 28. Rxd6 f3 29. Bxf3 Nxf3+ 30. exf3 Rxf3) 27. Bxc7 Qxc7 28. exf3 Rd5 29. Qb3 Rxd1+ 30. Qxd1 Qc3 (30... Nh7 $16 31. a4 Nf6 32. axb5 axb5) 31. f4 Nf7 32. Bh3 Qxb4 33. Bxe6 Kf8 34. Qd7 {[%csl Ge6][%cal Rd7f7]} Qe7 35. Qc8+ Nd8 36. Bd5 Qd6 37. Qf5+ Ke7 38. Qe4+ Kf8 39. Bb3 Qf6 40. Qa8 Ke7 41. h4 Qd6 42. Qe4+ Kf8 43. h5 Qf6 44. Qb4+ Ke8 45. Qc5 Nc6 46. Bd5 Ne7 47. Bf3 (47. Qe3 $18) 47... Qa1+ $16 48. Kg2 Qxa2 49. Qe5 Kf8 50. g4 $1 Qc2 $2 (50... Qf7 $16) 51. f5 $1 $18 Qd2 {[#]} 52. f6 $1 {[%mdl 512]} gxf6 53. Qxf6+ {[%mdl 64] Double Attack} Ke8 54. Qxa6 b4 55. Qb5+ $2 (55. Qe6 $18 {and the rest is easy.}) 55... Kf7 $16 56. Qc4+ Kf8 $2 (56... Kf6 $16 57. Qa6+ Kf7 58. Qc4+ Kf6) 57. Qe6 $18 Qf4 58. Bd1 Ke8 59. Bb3 Kf8 60. Ba4 Qg5 61. Kg3 Kg7 62. Qe4 Qc5 63. Kh3 Qd6 64. Bb3 $1 Nc6 65. Bd5 Ne7 66. Be6 Kf6 67. Bc4 {Black must now prevent Qf3+.} Kg7 68. Bd3 $2 ({White should try} 68. f3 $18) 68... Kf8 (68... Nd5 $11 69. Bc2 Nf4+ 70. Kg3 Nxh5+ 71. Kf3 Qf6+ 72. Ke2 Nf4+ 73. Ke3 Nh3) 69. Bc4 (69. Qf3+ $16 Ke8 70. Bc4) 69... Kg7 $1 70. Qe2 $2 (70. Ba2 $18) 70... Qf6 $2 (70... Nd5 $1 $11 {and Black stays safe.} 71. Bxd5 (71. Qe8 Nf4+ 72. Kh4 Ng2+ 73. Kh3 Nf4+ 74. Kh4 Ng2+ 75. Kh3 Nf4+ $11) 71... Qxd5) 71. Qe4 Qd6 $1 72. f4 Qf6 73. Kg2 Qb2+ $2 (73... Kf8 $16 {was worth a try.} 74. Kf3 Qa1) 74. Kg3 Qf6 75. Kf3 Qc3+ (75... Kf8 {keeps fighting.} 76. Qe6 Kg7) 76. Bd3 Qc6 77. g5 (77. Bc4 $18 {has better winning chances.}) 77... b3 $16 78. Qxc6 (78. Ke3 $16 Qxe4+ 79. Bxe4) 78... Nxc6 {[%mdl 4096] Endgame KB-KN} 79. Ke4 b2 80. Bb1 Ne7 ({Black should play} 80... Nd8 $14) 81. Ke5 Nc6+ 82. Kd5 $1 {[%cal Rd5c6]} Nd8 83. g6 $1 Kf6 {[#]} 84. f5 $1 Nb7 {[#]} 85. Kc6 (85. Bc2 $1 $16) 85... Na5+ $11 {The position is equal.} 86. Kd7 Nc4 87. Ke8 {aiming for Kf8.} Nd6+ 88. Kf8 $132 {[%mdl 2048] g7 is the strong threat. White puts up resistance} Nxf5 {Threatens to win with ...Ng7.} 89. Kg8 $1 Ng7 90. Kh7 Nxh5 {Hoping for ...Kg5.} 91. Kxh6 Ke5 $2 {[%mdl 40960] Accuracy: White = 70%, Black = 66%. . An unexpected result.} (91... Ng7 $11) 1/2-1/2

[Event "77th GEO-ch Women 2020"]
[Site "Tbilisi"]
[Date "2020.07.24"]
[Round "4.2"]
[White "Melia, Salome"]
[Black "Javakhishvili, Lela"]
[Result "1/2-1/2"]
[WhiteElo "2370"]
[BlackElo "2475"]
[Annotator "TA"]
[PlyCount "63"]
[EventDate "2020.07.21"]
[EventType "tourn"]
[EventCountry "GEO"]
[SourceTitle "playchess.com"]
[Source "ChessBase"]
[SourceQuality "1"]

{[%evp 13,63,30,35,40,33,34,38,19,24,20,33,26,21,0,0,0,0,0,0,0,0,0,8,2,8,14,12,0,0,0,0,0,0,0,0,0,0,0,12,10,8,8,13,10,10,8,10,0,0,0,18,0]} 1. e4 e5 2. Nf3 Nc6 3. Bc4 Nf6 4. d3 Be7 5. O-O O-O 6. Re1 d6 7. a4 Na5 8. Ba2 {C55: Two Knights: 4 d3, 4 d4 exd4 5 e5 and Max Lange Attack.} c5 9. c3 Nc6 10. Nbd2 {White is slightly better.} Be6 11. Nc4 Qd7 12. h3 h6 13. d4 {The position is equal.} cxd4 14. cxd4 exd4 15. e5 Nd5 16. Nxd4 Nxd4 17. Qxd4 {[#]} Rad8 $146 ({Predecessor:} 17... Nb4 18. Bb1 dxe5 19. Qxd7 Bxd7 20. Nxe5 Be6 21. Ng6 Rfe8 22. Nxe7+ Rxe7 23. Bd2 Nc6 {½-½ (35) Rodriguez Vila,A (2475)-Slipak,S (2510) Villa Ballester 1998}) 18. Nxd6 Bxd6 19. exd6 Qxd6 20. Qxa7 b6 {...Rd7 is the strong threat.} 21. Bxd5 Bxd5 22. Qa6 Qc6 23. Qb5 Bxg2 {[#] Threatens to win with ...Qg6.} 24. Qxc6 Bxc6 25. Be3 Rd6 26. Kh2 Ra8 27. b3 Bf3 28. Rec1 Rg6 29. Rg1 {Strongly threatening Rxg6.} Rd6 30. Rgc1 Rg6 {[#] And now ...Rg2+ would win.} 31. Rg1 {Hoping for Rxg6.} Rd6 32. Rgc1 {Accuracy: White = 100%, Black = 100%.} 1/2-1/2